Neil Young Harvest Moon lyrics quiz - Statistics

General Stats
  • This quiz has been taken 145 times
  • The average score is 140 of 162
Answer Stats
lyric % Correct
a
100%
I
100%
you
100%
harvest
98%
moon
98%
love
97%
On
97%
this
97%
with
97%
in
95%
When
95%
I'm
93%
to
93%
want
93%
We
93%
we
93%
still
92%
the
92%
what
92%
where
92%
Hear
90%
night
90%
say
90%
see
90%
See
90%
again
88%
dance
88%
have
88%
were
88%
Because
87%
all
85%
and
85%
And
85%
Come
85%
my
85%
away
83%
heart
83%
bit
82%
closer
82%
little
82%
from
78%
is
78%
lovers
78%
loved
77%
go
75%
risin'
75%
Just
73%
like
73%
But
72%
children
72%
could
72%
there's
72%
afar
70%
full
70%
strangers
70%
now
68%
watched
68%
know
67%
dream
65%
it
65%
Let's
65%
out
65%
playin'
65%
your
65%
light
63%
music's
63%
dancin'
62%
sleepin'
62%
eye
60%
it's
58%
gettin'
55%
late
55%
feel
53%
high
53%
shinin'
52%
celebrate
40%
climbin'
35%
No matching quizzes found
Score Distribution
Percent of People with Each Score
Percentile by Number Answered
Your Score History
You have not taken this quiz